000 00249nam a22000977a 4500
082 _a624.1821 GAY
245 _aDesign of Steel Structures - 3rd edi
_cE.G.Gaylord
250 _63rd
942 _2ddc
_cBK
999 _c541284
_d541284